00407nam a2200181Ia 4500003000900000008004100009040001300050040001300063041000800076100001800084245005600102260001200158260000900170300001100179300001000190490000700200700001800207IT-RoPAU120407s9999 xx 000 0 und d aIT-RoPAU cIT-RoPAU afra aPierre Benoit a"Synopse des quatre évangiles en francais Textes" aDu Cerf c1977 a374 p. c28 cm v13 aM.E. Boismard